Florante at Laura (Record no. 21905)
| 000 -LEADER | |
|---|---|
| fixed length control field | 00472nam a22001577a 4500 |
| 003 - CONTROL NUMBER IDENTIFIER | |
| control field | OSt |
| 005 - DATE AND TIME OF LATEST TRANSACTION | |
| control field | 20260126091453.0 |
| 008 - FIXED-LENGTH DATA ELEMENTS--GENERAL INFORMATION | |
| fixed length control field | 260126b1986 xxua|||| |||| 00| 0 eng d |
| 020 ## - INTERNATIONAL STANDARD BOOK NUMBER | |
| International Standard Book Number | 9713003543 |
| 040 ## - CATALOGING SOURCE | |
| Transcribing agency | csu |
| 100 ## - MAIN ENTRY--PERSONAL NAME | |
| Personal name | Balagtas, Francisco |
| Relator term | author. |
| 245 ## - TITLE STATEMENT | |
| Title | Florante at Laura |
| Statement of responsibility, etc | nobela ni Francisco Balagtas |
| 260 ## - PUBLICATION, DISTRIBUTION, ETC. (IMPRINT) | |
| Place of publication, distribution, etc | Merriam & Webster Bookstore, Inc. |
| Name of publisher, distributor, etc | [name of publisher not identifiied], |
| Date of publication, distribution, etc | c1994. |
| 300 ## - PHYSICAL DESCRIPTION | |
| Extent | 48 pages : |
| Other physical details | illustrations. |
| 942 ## - ADDED ENTRY ELEMENTS (KOHA) | |
| Source of classification or shelving scheme | |
| Koha item type | Books |
| Price effective from | Permanent Location | Date last seen | Not for loan | Date acquired | Source of classification or shelving scheme | Koha item type | Lost status | Withdrawn status | Copy number | Source of acquisition | Collection code | Damaged status | Barcode | Shelving location | Current Location | Full call number |
|---|---|---|---|---|---|---|---|---|---|---|---|---|---|---|---|---|
| 2026-01-23 | Cagayan State University - Carig Library | 2026-01-26 | 2026-01-26 | Books | 1 | Donations | Children Section | C000885 | Children Section | Cagayan State University - Carig Library | CS C885 B1713 | |||||
| 2026-01-23 | Cagayan State University - Carig Library | 2026-01-26 | 2026-01-26 | Books | 2 | Donations | Children Section | C000886 | Children Section | Cagayan State University - Carig Library | CS C886 B1713 | |||||
| 2026-01-23 | Cagayan State University - Carig Library | 2026-01-26 | 2026-01-26 | Books | 3 | Donations | Children Section | C000887 | Children Section | Cagayan State University - Carig Library | CS C887 B1713 | |||||
| 2026-01-23 | Cagayan State University - Carig Library | 2026-01-26 | 2026-01-26 | Books | 4 | Donations | Children Section | C000888 | Children Section | Cagayan State University - Carig Library | CS C888 B1713 |